[Event "Euskadi-chTB"]
[Site "Euskadi"]
[Date "2001.02.03"]
[Round "8"]
[White "Gomez Arranz, Jose Luis"]
[Black "Cano Cavero, Alberto Javier"]
[Result "1-0"]
[WhiteElo "1967"]
[BlackElo "1705"]
[PlyCount "90"]
[EventDate "2000.11.18"]
[EventType "team-tourn"]
[EventRounds "9"]
[EventCountry "ESP"]
[SourceTitle "EXT 2006"]
[Source "ChessBase"]
[SourceDate "2005.11.24"]
[SourceVersion "1"]
[SourceVersionDate "2005.11.24"]
[SourceQuality "1"]

1. e3 Nf6 2. b3 e6 3. Bb2 Be7 4. Nf3 0-0 5. Nc3 d5 6. Ne2 c5 7. Ng3 Bd7 8. h4 b5 9. Ne5 a6 10. Be2 Nc6 11. Bf3 Qc7 12. Ng4 Nxg4 13. Bxg4 e5 14. Nf5 Bxf5 15. Bxf5 d4 16. Qh5 g6 17. Qg4 Kh8 18. Bd3 Bd6 19. h5 f5 20. Qh4 Kg7 21. hxg6 hxg6 22. Qg5 e4 23. Be2 Qe7 24. Qxe7+ Bxe7 25. 0-0-0 Kf6 26. f4 Ke6 27. Rdg1 Rg8 28. g4 Bf8 29. a4 Bg7 30. axb5 axb5 31. Bxb5 Nb4 32. Bc4+ Ke7 33. Bxg8 Rxg8 34. Rh7 Kf8 35. Rgh1 d3 36. c3 Nd5 37. Ba3 Kf7 38. Bxc5 Ke6 39. Kb2 Nf6 40. Bd4 Ne8 41. Ra1 Bxd4 42. cxd4 Nd6 43. Raa7 Rc8 44. Rac7 Rb8 45. Rhe7+ Kd5 1-0